000 00683nam a2200217Ia 4500
005 20260704175957.0
008 260704s9999||||xx |||||||||||||| ||und||
020 _a9781439192375
_qpbk
082 _a500
_bLIV
100 _aLivio, Mario
245 0 _aBrilliant blunders : from Darwin to Einstein : colossal mistakes by great scientists that changed our understanding of life and the universe
260 _aNew York
_bSimon and Schuster
_c2013
300 _a341p. ; 21p.
653 _aDiscoveries in science
653 _aErrors, Scientific
653 _aPhilosophy of science
653 _aScience—History
653 _aScientists
653 _aScientists
942 _cBK
999 _c57350
_d57350